000 01345nam a2200229Ia 4500
008 0000002008 sp a 0000000000spa00
090 _aPSP00 E76g
100 1 _aEspinosa, Mareta.
245 1 3 _aLa guerra como desastre
_c/ Mareta Espinosa ; textos Arturo Pérez Reverte ...[et al.] ; fotos Rafael Roa
300 _a55 p.
_c/ 17 cm.
500 _aExposición realizada en el Centro Cltural Villa de Móstoles en Madrid, España durante el mes de septiembre de 2008 \ Incluye datos biográficos y cronología artística \ Donación Carlos Jiménez, 2011
501 _aTristes presentimientos de lo que ha aonctecido / Fernando Castro Flórez LA mecánica del horror / Javier Rubio Nomboldt Una intifada de navaja y macetazo / Arturo Pérez REverte íQué horrible despertar de los mdrileños el día 3 de mayo de 1808! / Miguel Morayta
600 0 0 _a ESPINOSA, MARETA/
_xTRABAJOS PICTORICOS \ GOYA, FRANCISCO DE, 1746182 HOMENAJES POSTUMOS
650 1 4 _a PINTURA ESPAÑOLA
650 1 4 _aARTE CONTEMPORANEO ESPAÑOL
650 1 4 _xCATALOGOS
650 1 4 _xEXPOSICIONES
650 1 4 _aGUERRA EN EL ARTE
650 1 4 _aPINTORES ESPAÑOLES
700 1 _aPérez Reverte, Arturo, 1951 \ Castro Flórez, Fernando \ Rubio Nomblot, Javier \ Morayta, Miguel
999 _c13630
_d13630
260 _aMóstoles : Centro Cultural Villa de Móstoles
_c2008